The AIR manual : (Record no. 12062)

MARC details
000 -LEADER
fixed length control field 01168 a2200265 4500
003 - CONTROL NUMBER IDENTIFIER
control field dpl
005 - DATE AND TIME OF LATEST TRANSACTION
control field 20161025114801.0
008 - FIXED-LENGTH DATA ELEMENTS--GENERAL INFORMATION
fixed length control field 090129t xxu||||| |||| 00| 0 eng d
010 ## - LIBRARY OF CONGRESS CONTROL NUMBER
LC control number ENG-90068-71
020 ## - INTERNATIONAL STANDARD BOOK NUMBER
Terms of availability 500.00 (app.) each vol.
035 ## - SYSTEM CONTROL NUMBER
System control number EN-73601-04
037 ## - SOURCE OF ACQUISITION
Source of stock number/acquisition DBAD / PUB
040 ## - CATALOGING SOURCE
Transcribing agency dpl
082 ## - DEWEY DECIMAL CLASSIFICATION NUMBER
Classification number 347.052
100 ## - MAIN ENTRY--PERSONAL NAME
Personal name Manhor, V.R.
9 (RLIN) 16123
245 ## - TITLE STATEMENT
Title The AIR manual :
Remainder of title Unrepealed Central Acts (Civil and criminal) /
Statement of responsibility, etc by V.R. Manhor & W.W. Chitaley
250 ## - EDITION STATEMENT
Edition statement 6th ed
260 ## - PUBLICATION, DISTRIBUTION, ETC. (IMPRINT)
Place of publication, distribution, etc Nagpur
Name of publisher, distributor, etc The All India Reporter
Date of publication, distribution, etc 2006
270 ## - ADDRESS
Address Post Box No. 209, Congress Nagar,
City Nagpur
Postal code 440012
Telephone number 2434321, 2425123
300 ## - PHYSICAL DESCRIPTION
Extent V.7-10 (Lxiv, 1328p.; xLvii, 1320p.; viii, 1372p.; xx, 1268p.)
Dimensions 25 cm ( Hb)
500 ## - GENERAL NOTE
General note Received Vol. 7,8,9,10, in 6th ed.
505 ## - FORMATTED CONTENTS NOTE
Formatted contents note v.7- Civil P.C. (1908), O.39, R.1 to Companies Act (1956), S.81. V.8-Companies Act (1956), Section 82 to Conservation of Foreign Exchange and Prevention of Smuggling Activities Act (1974). v.9-Constitution of India Preamble to Article 18. v.10-Constitution of India Article19 to Article 225.
700 ## - ADDED ENTRY--PERSONAL NAME
Personal name Chitaley, W.W.
9 (RLIN) 16124
942 ## - ADDED ENTRY ELEMENTS (KOHA)
Institution code [OBSOLETE] dpl
Koha item type English Books
Call number prefix 347.052/ MAN
Source of classification or shelving scheme Dewey Decimal Classification
Holdings
Withdrawn status Lost status Source of classification or shelving scheme Damaged status Not for loan Collection code Home library Current library Source of acquisition Cost, normal purchase price Total Checkouts Total Renewals Full call number Barcode Date last seen Copy number Uniform Resource Identifier Cost, replacement price Price effective from Koha item type Date acquired
    Dewey Decimal Classification   Not For Loan Non-fiction D.B.Act.Division D.B.Act.Division DBAD/PUB 500.00     347.052 MAN EN-73601 15/09/2008 1 13212 500.00 15/09/2008 English Books  
    Dewey Decimal Classification   Not For Loan Non-fiction D.B.Act.Division D.B.Act.Division DBAD/PUB 500.00     347.052 EN-73602 15/09/2008 1 13213 500.00 15/09/2008 English Books  
    Dewey Decimal Classification   Not For Loan Non-fiction D.B.Act.Division D.B.Act.Division DBAD/PUB 500.00     347.052 EN-73603 15/09/2008 1 13214 500.00 15/09/2008 English Books  
    Dewey Decimal Classification   Not For Loan Non-fiction D.B.Act.Division D.B.Act.Division DBAD/PUB 500.00     347.052 EN-73604 15/09/2008 1 13215 500.00 15/09/2008 English Books  
    Dewey Decimal Classification       D.B.Act.Division D.B.Act.Division             23/03/2015       23/03/2015 English Books 23/03/2015

© Delhi Public Library
Hit Counter
free hit counter